000 00582nam a2200205 4500
003 SEACOMEC
005 20240417123139.0
008 231007b |||||||| |||| 00| 0 eng d
020 _cRs. 475.00
040 _aSEACOMEC
082 _bD734
_a620.106
100 1 _aDouglas, John F.
245 1 _aFluid Mechanics
_b4th ed.
_cJohn F. Douglas, Janusz M. Gasiorek and John A. Swaffield
260 _aDelhi
_bPearson
_c2005
650 _aEngineering
650 _aEngineering mechanics and materials
700 1 _aGasiorek , Janusz M.
700 1 _aSwaffield, John A.
942 _cBOOK
999 _c188
_d188